000 01189nam a2200325 c 4500
003 BLK
005 20241107160106.0
008 180411b bul|||||r ||||||| ||bul||
010 _aKNG00186585000
020 _a978-954-9580-75-4
_bиздат.: Ателие'89
040 _aBLK
041 _aBUL
_cBUL
072 7 _2bullib
_aН84
_xБългарска художествена литература Н
080 _aБългарска литература
_b821.163.2
_x-32
_z821.163.2-32
100 _aСтанев, Людмил Станчев
_d1959 -
_gМедик. Писател, публицист, сценарист
_9257610
139 _aСтанев, Людмил
_bС 68
245 1 0 _aНяма такава книга и други разкази
_cЛюдмил Станев.
257 _aBGR
260 Варна
_bАтелие'89
_c2010
300 _a256 с.
_c23 см
380 _aX
653 _aразкази
659 _aН
852 _aЦб 279593
856 4 _qpdf
_u
856 4 _qpdf
_u
942 _cKNG
_n0
_04
944 _aCR
_c18.02.2016
_lМартин Енчев
_k30575
944 _aED
_c11.04.2016
_lф /
_kЛюдмила_Стоянова
999 _c177888
_d177888